[Event "SVK-ch Amateurs"]
[Site "Liptovsky Jan"]
[Date "2023.06.18"]
[Round "7"]
[White "Szaszak, Lukas"]
[Black "Banoci, Jaroslav"]
[Result "0-1"]
[WhiteElo "1538"]
[BlackElo "1818"]
[PlyCount "114"]
[EventDate "2023.06.15"]
[EventType "swiss"]
[EventRounds "8"]
[EventCountry "SVK"]
[SourceTitle "CBM 214 Extra"]
[Source "ChessBase"]
[SourceDate "2023.07.31"]
[SourceVersion "1"]
[SourceVersionDate "2023.07.31"]
[SourceQuality "1"]

1. d4 f5 2. Bf4 Nf6 3. Nf3 d6 4. e3 g6 5. c3 Bg7 6. Qb3 e6 7. Nbd2 0-0 8. Be2 h6 9. h3 Kh7 10. 0-0-0 a5 11. Rhg1 Nc6 12. Kb1 Qe8 13. Nc4 a4 14. Qc2 b5 15. Na3 Na7 16. Qc1 Ne4 17. Rgf1 e5 18. dxe5 dxe5 19. Bh2 c5 20. Nd2 Bb7 21. f3 b4 22. cxb4 cxb4 23. Nc2 Nxd2+ 24. Qxd2 b3 25. Na3 bxa2+ 26. Kxa2 Bc6 27. Bc4 Nb5 28. Bxb5 Bxb5 29. Nxb5 Qxb5 30. Qd5 Rfb8 31. Rf2 Qb3+ 32. Qxb3 axb3+ 33. Kb1 Rc8 34. Rfd2 Ra5 35. Rd5 Rca8 36. Rxa5 Rxa5 37. Rd3 Rb5 38. Bg3 g5 39. Be1 e4 40. fxe4 fxe4 41. Rd2 h5 42. Rf2 Rd5 43. Rd2 Rf5 44. Rf2 Rc5 45. Re2 Kg6 46. Rf2 Be5 47. Re2 g4 48. Bb4 Rc6 49. Be1 Kg5 50. h4+ Kg6 51. Rd2 Kf5 52. Rf2+ Ke6 53. Rd2 Rc7 54. Rf2 Bg3 55. Re2 Bxe1 56. Rxe1 Rc2 57. Rg1 g3 0-1

[Event "SVK-ch Amateurs"]
[Site "Liptovsky Jan"]
[Date "2023.06.17"]
[Round "5"]
[White "Hoang, Jakub"]
[Black "Banoci, Jaroslav"]
[Result "1-0"]
[WhiteElo "1231"]
[BlackElo "1818"]
[PlyCount "59"]
[EventDate "2023.06.15"]
[EventType "swiss"]
[EventRounds "8"]
[EventCountry "SVK"]
[SourceTitle "CBM 214 Extra"]
[Source "ChessBase"]
[SourceDate "2023.07.31"]
[SourceVersion "1"]
[SourceVersionDate "2023.07.31"]
[SourceQuality "1"]

1. c4 f5 2. Nc3 Nf6 3. g3 g6 4. Bg2 Bg7 5. d3 0-0 6. e4 d6 7. Nge2 e5 8. 0-0 Nc6 9. f4 Ne7 10. Rb1 c6 11. fxe5 dxe5 12. Qc2 Be6 13. h3 Qd7 14. Kh2 Rad8 15. Rf3 h6 16. b3 g5 17. Ba3 g4 18. Rff1 gxh3 19. Bxh3 f4 20. Bxe6+ Qxe6 21. gxf4 Ng4+ 22. Kh1 Ne3 23. f5 Nxc2 24. fxe6 Rxf1+ 25. Rxf1 Nxa3 26. Rf7 Bf8 27. Ng3 Rxd3 28. Nf5 Ng6 29. Nd5 Nf4 30. Nf6+ 1-0

[Event "SVK-chT2D 2122"]
[Site "Slovakia"]
[Date "2022.04.30"]
[Round "10.7"]
[White "Banoci, Jaroslav"]
[Black "Polomsky, Tomas"]
[Result "0-1"]
[WhiteElo "1830"]
[BlackElo "1436"]
[PlyCount "80"]
[EventDate "2021.10.16"]
[EventType "team-tourn"]
[EventRounds "11"]
[EventCountry "SVK"]
[SourceTitle "EXT 2023"]
[Source "ChessBase"]
[SourceDate "2022.10.05"]
[SourceVersion "1"]
[SourceVersionDate "2022.10.05"]
[SourceQuality "1"]
[WhiteTeam "Presov Tatran Dason"]
[BlackTeam "Kosice Slavia TU IV"]
[WhiteTeamCountry "SVK"]
[BlackTeamCountry "SVK"]

1. d4 Nf6 2. Nf3 g6 3. Bg5 Bg7 4. Nbd2 d5 5. e3 Bf5 6. Be2 0-0 7. h3 Nbd7 8. Ne5 Nxe5 9. dxe5 Nd7 10. g4 Be6 11. f4 f6 12. exf6 exf6 13. Bh4 g5 14. Bg3 c6 15. c3 Qb6 16. f5 Bf7 17. Qc2 Qxe3 18. Bf2 Qe7 19. Kf1 Ne5 20. Re1 Rfe8 21. h4 h6 22. Kg2 Qd7 23. b3 b6 24. Rh3 c5 25. Reh1 Kf8 26. hxg5 hxg5 27. Bg3 d4 28. Bxe5 Bd5+ 29. Bf3 Rxe5 30. Be4 d3 31. Rxd3 Rxe4 32. Kh3 Re3+ 33. Rxe3 Bxh1 34. Kh2 Rd8 35. Re2 Bc6 36. Nc4 Qc7+ 37. Kg1 Qg3+ 38. Kf1 Qh3+ 39. Kg1 Qh1+ 40. Kf2 Qg2+ 0-1

[Event "SVK-chT2D 2122"]
[Site "Slovakia"]
[Date "2022.03.27"]
[Round "9.6"]
[White "Simko, Ladislav"]
[Black "Banoci, Jaroslav"]
[Result "0-1"]
[WhiteElo "1381"]
[BlackElo "1830"]
[PlyCount "40"]
[EventDate "2021.10.16"]
[EventType "team-tourn"]
[EventRounds "11"]
[EventCountry "SVK"]
[SourceTitle "EXT 2023"]
[Source "ChessBase"]
[SourceDate "2022.10.05"]
[SourceVersion "1"]
[SourceVersionDate "2022.10.05"]
[SourceQuality "1"]
[WhiteTeam "Moldava nad Bodvou"]
[BlackTeam "Presov Tatran Dason"]
[WhiteTeamCountry "SVK"]
[BlackTeamCountry "SVK"]

1. e4 d6 2. d4 Nf6 3. Nc3 g6 4. Nf3 Bg7 5. Bg5 c6 6. Qd2 b5 7. Bh6 Bxh6 8. Qxh6 b4 9. Ne2 Nxe4 10. Qg7 Rf8 11. Qxh7 Qa5 12. Qh4 b3+ 13. c3 Qxa2 14. Rd1 Bf5 15. Nd2 Nxd2 16. Rxd2 Qb1+ 17. Rd1 Qxb2 18. Qg3 Bc2 19. Rc1 Qxc1+ 20. Nxc1 b2 0-1

[Event "SVK-chT2D 2122"]
[Site "Slovakia"]
[Date "2021.10.16"]
[Round "1.8"]
[White "Banoci, Jaroslav"]
[Black "Sabol, Peter"]
[Result "1-0"]
[WhiteElo "1804"]
[BlackElo "1800"]
[PlyCount "57"]
[EventDate "2021.10.16"]
[EventType "team-tourn"]
[EventRounds "11"]
[EventCountry "SVK"]
[SourceTitle "EXT 2023"]
[Source "ChessBase"]
[SourceDate "2022.10.05"]
[SourceVersion "1"]
[SourceVersionDate "2022.10.05"]
[SourceQuality "1"]
[WhiteTeam "Presov Tatran Dason"]
[BlackTeam "Margecany"]
[WhiteTeamCountry "SVK"]
[BlackTeamCountry "SVK"]

1. d4 g6 2. e4 Bg7 3. f4 e6 4. Nf3 Ne7 5. Bd3 d5 6. e5 b6 7. c3 a5 8. 0-0 Ba6 9. Be3 Nf5 10. Bf2 0-0 11. g4 Ne7 12. Bh4 Bxd3 13. Qxd3 Qd7 14. Nbd2 Nbc6 15. Bf6 h6 16. Nh4 Rac8 17. Rf3 Nd8 18. Rh3 c5 19. Rf1 cxd4 20. cxd4 Ndc6 21. a3 Rfe8 22. f5 g5 23. Bxg7 Kxg7 24. f6+ Kg8 25. Ng2 Ng6 26. Rxh6 Qc7 27. Qh3 Ncxe5 28. Rh8+ Nxh8 29. Qh6 1-0

[Event "Drienica Saris op"]
[Site "Drienica"]
[Date "2020.08.15"]
[Round "9"]
[White "Banoci, Jaroslav"]
[Black "Tomcik, Milan"]
[Result "1/2-1/2"]
[WhiteElo "1833"]
[BlackElo "1963"]
[PlyCount "45"]
[EventDate "2020.08.07"]
[EventType "swiss"]
[EventRounds "9"]
[EventCountry "SVK"]
[SourceTitle "CBM 197 Extra"]
[Source "ChessBase"]
[SourceDate "2020.09.30"]
[SourceVersion "1"]
[SourceVersionDate "2020.09.30"]
[SourceQuality "1"]

1. d4 Nf6 2. Nf3 g6 3. Bg5 Bg7 4. Nbd2 d6 5. e3 Nbd7 6. h3 0-0 7. Be2 Re8 8. 0-0 h6 9. Bh4 c6 10. a4 a5 11. c3 e5 12. dxe5 dxe5 13. Qc2 Qc7 14. Rfd1 Nc5 15. g4 h5 16. Nh2 hxg4 17. hxg4 Be6 18. Bg3 Rad8 19. b4 Ncd7 20. Nc4 axb4 21. cxb4 Nd5 22. Rab1 Ra8 23. Rdc1 1/2-1/2

[Event "Drienica Saris op"]
[Site "Drienica"]
[Date "2020.08.09"]
[Round "3"]
[White "Banoci, Jaroslav"]
[Black "Sosovickova, Martina"]
[Result "1-0"]
[WhiteElo "1833"]
[BlackElo "1362"]
[PlyCount "93"]
[EventDate "2020.08.07"]
[EventType "swiss"]
[EventRounds "9"]
[EventCountry "SVK"]
[SourceTitle "CBM 197 Extra"]
[Source "ChessBase"]
[SourceDate "2020.09.30"]
[SourceVersion "1"]
[SourceVersionDate "2020.09.30"]
[SourceQuality "1"]

1. d4 d5 2. Nf3 Nf6 3. Bf4 c5 4. e3 Nc6 5. c3 Qb6 6. Qc1 Bf5 7. Be2 h6 8. h3 e6 9. Na3 c4 10. b3 Bxa3 11. Qxa3 cxb3 12. axb3 Ne4 13. Rc1 Qa5 14. Qb2 0-0 15. 0-0 Rac8 16. Ne1 Ne7 17. b4 Qb6 18. Nd3 Rfd8 19. f3 Nd6 20. Nc5 Bg6 21. Kh2 Nef5 22. e4 dxe4 23. fxe4 Ne7 24. Bf3 Nc6 25. d5 exd5 26. exd5 Ne7 27. Qd2 Nef5 28. g4 Nc4 29. Qf2 Nfd6 30. Rfe1 Re8 31. Qd4 Qc7 32. Re2 b6 33. Ne4 Qd7 34. Nxd6 Nxd6 35. c4 Rxe2+ 36. Bxe2 Qe7 37. Bf3 Nb7 38. d6 Qd7 39. c5 bxc5 40. bxc5 Na5 41. Re1 Nb3 42. Qe5 Nxc5 43. Rc1 Nd3 44. Qe7 Qxe7 45. Rxc8+ Qf8 46. d7 Nxf4 47. Rxf8+ 1-0

[Event "SVK-chT2D 1819"]
[Site "Slovakia"]
[Date "2019.04.06"]
[Round "10.8"]
[White "Banoci, Jaroslav"]
[Black "Kotora, Matus"]
[Result "1-0"]
[WhiteElo "1785"]
[BlackElo "1746"]
[PlyCount "73"]
[EventDate "2018.10.13"]
[EventType "team-tourn"]
[EventRounds "11"]
[EventCountry "SVK"]
[SourceTitle "EXT 2020"]
[Source "ChessBase"]
[SourceDate "2019.10.17"]
[SourceVersion "1"]
[SourceVersionDate "2019.10.17"]
[SourceQuality "1"]
[WhiteTeam "Presov Tatran Dason"]
[BlackTeam "Stropkov/Svidnik"]
[WhiteTeamCountry "SVK"]
[BlackTeamCountry "SVK"]

1. d4 d5 2. Nf3 Bg4 3. Ne5 Nf6 4. Nxg4 Nxg4 5. e4 Nf6 6. e5 Nfd7 7. Bd3 e6 8. 0-0 Nc6 9. c3 Qe7 10. a4 h6 11. b4 Nb6 12. Nd2 a5 13. b5 Na7 14. Qe2 g6 15. Nb3 Nac8 16. f4 Qh4 17. Rf3 Qg4 18. Qf1 Qh4 19. Rh3 Qe7 20. g4 Nd7 21. f5 exf5 22. gxf5 gxf5 23. Bxf5 Ncb6 24. Bd3 Bg7 25. Ba3 Qd8 26. Rf3 Qh4 27. Rxf7 Rg8 28. Kh1 0-0-0 29. Be7 Qh5 30. Bxd8 Kxd8 31. Bh7 Rf8 32. e6 Rxf7 33. Qxf7 Qxf7 34. exf7 Nc4 35. Re1 Nf6 36. Bg6 b6 37. Re8+ 1-0

[Event "SVK-chT2D 1718"]
[Site "Slovakia"]
[Date "2018.01.13"]
[Round "5.8"]
[White "Banoci, Jaroslav"]
[Black "Nandrazi, Artur"]
[Result "1/2-1/2"]
[WhiteElo "1813"]
[BlackElo "1758"]
[PlyCount "67"]
[EventDate "2017.10.28"]
[EventType "team-tourn"]
[EventRounds "11"]
[EventCountry "SVK"]
[SourceTitle "EXT 2019"]
[Source "ChessBase"]
[SourceDate "2018.10.10"]
[SourceVersion "1"]
[SourceVersionDate "2018.10.10"]
[SourceQuality "1"]
[WhiteTeam "Presov Tatran II"]
[BlackTeam "Presov Slavia"]
[WhiteTeamCountry "SVK"]
[BlackTeamCountry "SVK"]

1. d4 Nf6 2. Nf3 e6 3. e3 b6 4. Bd3 d5 5. Nbd2 Bb7 6. 0-0 Bd6 7. b3 Ne4 8. Bb2 0-0 9. Qe2 Nd7 10. Rad1 f5 11. Ne5 Bxe5 12. dxe5 Nec5 13. f4 Nxd3 14. cxd3 Ba6 15. Nf3 c5 16. Rf2 h6 17. h3 g5 18. Nh2 Qe8 19. g4 Qg6 20. Qf3 fxg4 21. Qxg4 Rf7 22. e4 d4 23. Bc1 Raf8 24. Rf3 Kh7 25. Rdf1 gxf4 26. Qxg6+ Kxg6 27. Bxf4 h5 28. R1f2 Kh7 29. Bg3 Rxf3 30. Nxf3 Rg8 31. Kh2 Bxd3 32. h4 Kg6 33. Ng5 Re8 34. Rd2 1/2-1/2

[Event "Tatry op"]
[Site "Tatranska Lomnica"]
[Date "2017.10.10"]
[Round "4"]
[White "Banoci, Jaroslav"]
[Black "Pcola, Jaroslav"]
[Result "0-1"]
[WhiteElo "1816"]
[BlackElo "2083"]
[PlyCount "114"]
[EventDate "2017.10.08"]
[EventType "swiss"]
[EventRounds "9"]
[EventCountry "SVK"]
[SourceTitle "CBM 181 Extra"]
[Source "ChessBase"]
[SourceDate "2017.12.12"]
[SourceVersion "1"]
[SourceVersionDate "2017.12.12"]
[SourceQuality "1"]

1. d4 Nf6 2. Nf3 g6 3. b4 Bg7 4. Bb2 0-0 5. Nbd2 d5 6. e3 Nbd7 7. Bd3 b6 8. 0-0 c5 9. bxc5 bxc5 10. c4 Rb8 11. Bc3 Ba6 12. Qa4 Qc8 13. Ba5 cxd4 14. exd4 dxc4 15. Rac1 Bb5 16. Qa3 Qa6 17. Bxc4 Bxc4 18. Nxc4 Nd5 19. Ne3 N7b6 20. Bb4 Nxb4 21. Qxb4 Nd5 22. Qc4 Qxc4 23. Rxc4 Nf4 24. Rd1 Rfc8 25. Rxc8+ Rxc8 26. g3 Ne2+ 27. Kf1 Nc3 28. Rc1 Rc7 29. Nd1 Nd5 30. Rxc7 Nxc7 31. Ke2 Kf8 32. Kd3 Ke8 33. Kc4 e6 34. Nc3 a6 35. Kc5 Bf8+ 36. Kc6 Bb4 37. Ne4 Nd5 38. Nc5 a5 39. Ng5 Ke7 40. Nb3 a4 41. Nc5 Nc3 42. Nf3 a3 43. Nd3 Nxa2 44. Nfe5 Bc3 45. Kb5 f6 46. Nc4 Nb4 47. Nxa3 Nxd3 48. Kc4 Bb2 49. Nb5 Nxf2 50. d5 exd5+ 51. Kxd5 Ng4 52. h3 Nf2 53. h4 Be5 54. Na7 Bxg3 55. h5 gxh5 56. Nc6+ Kf7 57. Nd4 Kg6 0-1

[Event "Stara Lubovna op"]
[Site "Stara Lubovna"]
[Date "2017.05.05"]
[Round "2"]
[White "Banoci, Jaroslav"]
[Black "Orosi, Peter"]
[Result "0-1"]
[WhiteElo "1839"]
[BlackElo "2094"]
[PlyCount "138"]
[EventDate "2017.05.05"]
[EventType "swiss"]
[EventRounds "7"]
[EventCountry "SVK"]
[SourceTitle "CBM 178 Extra"]
[Source "ChessBase"]
[SourceDate "2017.06.22"]
[SourceVersion "1"]
[SourceVersionDate "2017.06.22"]
[SourceQuality "1"]

1. d4 Nf6 2. Nf3 d5 3. Bf4 c5 4. e3 Nc6 5. c3 Qb6 6. Qc1 Bf5 7. Be2 e6 8. 0-0 Rc8 9. h3 Be7 10. Nbd2 Ne4 11. Rd1 0-0 12. Nf1 Rfd8 13. g4 Bg6 14. Ng3 a6 15. Nxe4 Bxe4 16. Rd2 Qa7 17. Qd1 cxd4 18. exd4 b5 19. a3 Na5 20. Kh2 Qb6 21. Qg1 Nb3 22. Rad1 Bd6 23. Qg3 Bxf3 24. Qxf3 Nxd2 25. Rxd2 Bxf4+ 26. Qxf4 Qd6 27. Kg3 g5 28. Qxd6 Rxd6 29. Bd3 Rb6 30. f4 gxf4+ 31. Kxf4 f6 32. h4 a5 33. g5 fxg5+ 34. hxg5 Rf8+ 35. Ke5 Rf3 36. b3 Rc6 37. c4 bxc4 38. bxc4 dxc4 39. Be4 Re3 40. Kf4 Rxe4+ 41. Kxe4 Kg7 42. Rc2 Kg6 43. Kf4 c3 44. Kg4 Rc4 45. Kf4 Rxd4+ 46. Ke5 Rd3 47. Ke4 Rh3 48. Rg2 Rh5 49. Kd4 Rxg5 50. Re2 Kf5 51. Rf2+ Kg4 52. Kxc3 h5 53. Rg2+ Kf4 54. Re2 e5 55. Kc4 h4 56. Kd3 Rg3+ 57. Kc4 Rxa3 58. Kd5 Rd3+ 59. Kc4 Rd4+ 60. Kc3 Re4 61. Ra2 a4 62. Kd3 Rd4+ 63. Ke2 Kg3 64. Ra1 Kg2 65. Rc1 h3 66. Rc5 h2 67. Rxe5 h1Q 68. Rg5+ Kh3 69. Rh5+ Rh4 0-1

[Event "Liptovsky Mikulas Relax op"]
[Site "Liptovsky Mikulas"]
[Date "2016.11.18"]
[Round "7"]
[White "Gombar, Peter"]
[Black "Banoci, Jaroslav"]
[Result "0-1"]
[WhiteElo "2010"]
[BlackElo "1891"]
[PlyCount "76"]
[EventDate "2016.11.13"]
[EventType "swiss"]
[EventRounds "7"]
[EventCountry "SVK"]
[SourceTitle "CBM 175 Extra"]
[Source "ChessBase"]
[SourceDate "2016.12.12"]
[SourceVersion "1"]
[SourceVersionDate "2016.12.12"]
[SourceQuality "1"]

1. e4 d6 2. d4 Nf6 3. Nc3 g6 4. f4 Bg7 5. Nf3 0-0 6. e5 Nfd7 7. h4 c5 8. h5 cxd4 9. Qxd4 dxe5 10. fxe5 Nxe5 11. Qh4 Nxf3+ 12. gxf3 Qd4 13. Bf4 Bf5 14. hxg6 Bxg6 15. Bd3 h5 16. 0-0-0 Bf6 17. Qg3 h4 18. Qg4 e5 19. Ne2 Qd7 20. Qxd7 Nxd7 21. Bxg6 fxg6 22. Rxd7 exf4 23. Rg1 g5 24. Nxf4 Rf7 25. Nd5 Kg7 26. Nxf6 Kxf6 27. Rd6+ Ke7 28. Rg6 Rh8 29. R6xg5 Rxf3 30. Rh1 h3 31. Rh2 Kf6 32. Rg1 Rh7 33. Kd2 Kf5 34. Ke2 Kf4 35. c4 Re7+ 36. Kd2 Rg3 37. Rf1+ Kg4 38. Rff2 Rg1 0-1

[Event "Liptovsky Mikulas Relax op"]
[Site "Liptovsky Mikulas"]
[Date "2016.11.17"]
[Round "6"]
[White "Banoci, Jaroslav"]
[Black "Hoferek, Svatopluk"]
[Result "1-0"]
[WhiteElo "1891"]
[BlackElo "1804"]
[PlyCount "99"]
[EventDate "2016.11.13"]
[EventType "swiss"]
[EventRounds "7"]
[EventCountry "SVK"]
[SourceTitle "CBM 175 Extra"]
[Source "ChessBase"]
[SourceDate "2016.12.12"]
[SourceVersion "1"]
[SourceVersionDate "2016.12.12"]
[SourceQuality "1"]

1. d4 Nf6 2. Nf3 d5 3. Bf4 Bf5 4. e3 e6 5. Be2 Be7 6. Ne5 h6 7. Nd2 Nbd7 8. c3 Ne4 9. Ndf3 Nef6 10. h3 c6 11. 0-0 0-0 12. g4 Be4 13. Kh2 Nh7 14. Nd2 g5 15. Bg3 Nxe5 16. dxe5 Bg6 17. f4 f5 18. Nf3 Qb6 19. Qd2 Bc5 20. Nd4 Rfe8 21. Bd3 Bxd4 22. exd4 Rf8 23. Qc2 Kg7 24. Rf2 c5 25. dxc5 Qxc5 26. Raf1 gxf4 27. Rxf4 Ng5 28. gxf5 exf5 29. Bxf5 Bxf5 30. Rxf5 Ne4 31. Bh4 Rxf5 32. Rxf5 Rf8 33. Qg2+ Kh7 34. Qf3 Rxf5 35. Qxf5+ Kg7 36. Qf3 Qf8 37. Qg4+ Kh8 38. Kg2 Qg8 39. Kf3 Nd2+ 40. Ke2 Qxg4+ 41. hxg4 Nc4 42. b3 Nb6 43. Ke3 Kg8 44. e6 Kf8 45. Kd4 Ke8 46. a4 a6 47. Kc5 Nc8 48. Kxd5 Ne7+ 49. Bxe7 Kxe7 50. a5 1-0

[Event "Liptovsky Mikulas Relax op"]
[Site "Liptovsky Mikulas"]
[Date "2016.11.15"]
[Round "4"]
[White "Banoci, Jaroslav"]
[Black "Staffa, Lubomir"]
[Result "1-0"]
[WhiteElo "1891"]
[BlackElo "2036"]
[PlyCount "152"]
[EventDate "2016.11.13"]
[EventType "swiss"]
[EventRounds "7"]
[EventCountry "SVK"]
[SourceTitle "CBM 175 Extra"]
[Source "ChessBase"]
[SourceDate "2016.12.12"]
[SourceVersion "1"]
[SourceVersionDate "2016.12.12"]
[SourceQuality "1"]

1. d4 g6 2. e4 Bg7 3. f4 c5 4. c3 cxd4 5. cxd4 d6 6. Bc4 Nf6 7. Nc3 0-0 8. Nf3 Nc6 9. Qe2 Bg4 10. Be3 Na5 11. Bd3 e6 12. 0-0 a6 13. h3 Bxf3 14. Rxf3 b5 15. Raf1 Rc8 16. Kh1 d5 17. e5 Nd7 18. g4 f6 19. exf6 Nxf6 20. Bf2 Qd7 21. Re1 Rfe8 22. Rg3 Nc6 23. h4 Qf7 24. Qe3 Nd7 25. Ne2 Nf8 26. Reg1 Qe7 27. Rh3 Qb4 28. b3 Qa5 29. Bb1 Qc7 30. g5 Ne7 31. h5 Nf5 32. Qd3 Qd6 33. Qd2 b4 34. Rf1 a5 35. Ng1 Rc7 36. Ne2 Rec8 37. Kg2 Nd7 38. h6 Bh8 39. Rhh1 Kf7 40. Rd1 Nb8 41. Rc1 Qb6 42. Rxc7+ Rxc7 43. Bxf5 exf5 44. Rc1 Re7 45. Rc8 Re8 46. Qc2 Nd7 47. Kf3 Qe6 48. Ng3 Ne5+ 49. dxe5 Rxc8 50. Qd2 Rc3+ 51. Kg2 Qc6 52. Qd4 Ke6 53. Qa7 d4+ 54. Kh2 Rc2 55. Qxd4 Rxa2 56. Nf1 a4 57. Nd2 Rc2 58. bxa4 Qd5 59. Qb6+ Rc6 60. Qe3 Rc3 61. Qb6+ Rc6 62. Qxb4 Bxe5 63. fxe5 Qxe5+ 64. Bg3 Qe2+ 65. Kh3 Qh5+ 66. Kg2 Qe2+ 67. Bf2 Rd6 68. Nf3 Qe4 69. Qxe4+ fxe4 70. Nd4+ Kd5 71. Nb5 Rc6 72. a5 Rc2 73. Kf1 Rc1+ 74. Ke2 Ra1 75. Bb6 Kc6 76. Nc3 Rh1 1-0

[Event "Stara Lubovna Sorea op"]
[Site "Stara Lubovna"]
[Date "2015.09.03"]
[Round "2"]
[White "Banoci, Jaroslav"]
[Black "Istona, Martin"]
[Result "0-1"]
[WhiteElo "1951"]
[BlackElo "2256"]
[PlyCount "94"]
[EventDate "2015.09.03"]
[EventType "swiss"]
[EventRounds "7"]
[EventCountry "SVK"]
[SourceTitle "EXT 2016"]
[Source "ChessBase"]
[SourceDate "2015.10.08"]
[SourceVersion "1"]
[SourceVersionDate "2015.10.08"]
[SourceQuality "1"]

1. d4 Nf6 2. Nf3 g6 3. Bg5 Bg7 4. Nbd2 0-0 5. e3 d6 6. Be2 Nbd7 7. c3 Qe8 8. h3 e5 9. 0-0 h6 10. Bh4 Nb6 11. b4 a5 12. b5 g5 13. Bg3 Nfd5 14. Rc1 f5 15. a3 e4 16. Nh2 f4 17. exf4 gxf4 18. Bh4 Bf5 19. c4 f3 20. gxf3 Nf4 21. fxe4 Bxh3 22. Nhf3 Qh5 23. Re1 Bxd4 24. Bg3 Nxe2+ 25. Qxe2 Bg4 26. Qd3 Bb2 27. Nh2 Bxc1 28. Rxc1 Rae8 29. Re1 Be6 30. f4 Nd7 31. Re2 Kh7 32. Nhf1 Nc5 33. Qe3 Qg6 34. Rh2 Qg7 35. Kh1 Bf5 36. e5 Rg8 37. Rh5 Qg6 38. Rh2 Ne4 39. Nxe4 Bxe4+ 40. Kg1 dxe5 41. fxe5 Rxe5 42. Qd4 Rf5 43. Rh3 Rf3 44. Qe5 Bd3 45. Qe7+ Rg7 46. Qh4 Bxf1 47. Kh2 Bxh3 0-1

[Event "SVK-chT2D 1314"]
[Site "Slovakia"]
[Date "2014.02.01"]
[Round "7.8"]
[White "Banoci, Jaroslav"]
[Black "Kacir, Tomas"]
[Result "1/2-1/2"]
[WhiteElo "1916"]
[BlackElo "1624"]
[PlyCount "82"]
[EventDate "2013.10.19"]
[EventType "team-tourn"]
[EventRounds "11"]
[EventCountry "SVK"]
[SourceTitle "EXT 2015"]
[Source "ChessBase"]
[SourceDate "2014.11.20"]
[SourceVersion "1"]
[SourceVersionDate "2014.11.20"]
[SourceQuality "1"]
[WhiteTeam "Presov Tatran Dason"]
[BlackTeam "Sabinov II"]
[WhiteTeamCountry "SVK"]
[BlackTeamCountry "SVK"]

1. d4 e6 2. Nf3 d5 3. e3 Nf6 4. Bd3 c5 5. b3 Nbd7 6. Nbd2 Bd6 7. Bb2 0-0 8. Ne5 Qc7 9. f4 a6 10. 0-0 b5 11. c3 c4 12. Bc2 Bb7 13. Qf3 g6 14. Rae1 Nb6 15. g4 Ne8 16. h4 f6 17. Qg3 fxe5 18. fxe5 Rxf1+ 19. Rxf1 Bf8 20. Qf4 Qg7 21. Bc1 Rd8 22. Nf3 Be7 23. g5 Nc7 24. Qg3 Rf8 25. Bd2 Nd7 26. Re1 Nb6 27. Nh2 Bc6 28. Ng4 Be8 29. Nf6+ Bxf6 30. gxf6 Qd7 31. Kf2 Kf7 32. h5 Rg8 33. hxg6+ hxg6 34. Rg1 Kf8 35. e4 Bf7 36. exd5 Ncxd5 37. Bh6+ Ke8 38. Bg7 Qc7 39. Bxg6 Bxg6 40. Qxg6+ Qf7 41. Qg3 Qh5 1/2-1/2

[Event "SVK-chT2D 1314"]
[Site "Slovakia"]
[Date "2014.01.11"]
[Round "5.8"]
[White "Banoci, Jaroslav"]
[Black "Dujava, Jonas"]
[Result "1-0"]
[WhiteElo "1916"]
[BlackElo "1833"]
[PlyCount "121"]
[EventDate "2013.10.19"]
[EventType "team-tourn"]
[EventRounds "11"]
[EventCountry "SVK"]
[SourceTitle "EXT 2015"]
[Source "ChessBase"]
[SourceDate "2014.11.20"]
[SourceVersion "1"]
[SourceVersionDate "2014.11.20"]
[SourceQuality "1"]
[WhiteTeam "Presov Tatran Dason"]
[BlackTeam "Presov Slavia PU"]
[WhiteTeamCountry "SVK"]
[BlackTeamCountry "SVK"]

1. d4 d5 2. Nf3 e6 3. e3 Nf6 4. Bd3 Nbd7 5. b3 b6 6. Nbd2 Bb7 7. Bb2 Be7 8. 0-0 0-0 9. Qe2 c5 10. Rad1 Rc8 11. Ne5 Qc7 12. f4 Ne4 13. f5 Nxd2 14. Rxd2 Nxe5 15. dxe5 c4 16. f6 cxd3 17. Qg4 g6 18. Qg5 Rfe8 19. fxe7 Qxe7 20. Qxe7 Rxe7 21. cxd3 Rec7 22. Kf2 Ba6 23. Rfd1 Kg7 24. Kf3 Rc2 25. Bd4 Kh6 26. Ke2 R2c7 27. Rf1 Kg7 28. Kf3 h5 29. Kf4 Rc2 30. Rfd1 Kh6 31. h4 Kg7 32. Kf3 Kh6 33. Kf4 Rc1 34. Rxc1 Rxc1 35. Bb2 Rf1+ 36. Kg3 g5 37. hxg5+ Kxg5 38. Bd4 h4+ 39. Kh2 Kg4 40. Bb2 Bb5 41. Bd4 Rb1 42. Bc3 Ba6 43. Bd4 Re1 44. Rf2 Bxd3 45. Rxf7 Re2 46. Rxa7 h3 47. Rg7+ Kh4 48. Rg8 Bh7 49. Rh8 Rxg2+ 50. Kh1 Rg7 51. Kh2 Kg4 52. Bxb6 Rf7 53. e4 d4 54. Bxd4 Rd7 55. Be3 Rc7 56. Rf8 Rc3 57. Rf4+ Kh5 58. Rf3 Bxe4 59. Rxh3+ Kg4 60. Rg3+ Kh4 61. Bg5+ 1-0

[Event "SVK-chT2D 1314"]
[Site "Slovakia"]
[Date "2013.10.20"]
[Round "2.6"]
[White "Balazs, Attila"]
[Black "Banoci, Jaroslav"]
[Result "1-0"]
[WhiteElo "1952"]
[BlackElo "1916"]
[PlyCount "69"]
[EventDate "2013.10.19"]
[EventType "team-tourn"]
[EventRounds "11"]
[EventCountry "SVK"]
[SourceTitle "EXT 2015"]
[Source "ChessBase"]
[SourceDate "2014.11.20"]
[SourceVersion "1"]
[SourceVersionDate "2014.11.20"]
[SourceQuality "1"]
[WhiteTeam "Kosice Slavia TU IV"]
[BlackTeam "Presov Tatran Dason"]
[WhiteTeamCountry "SVK"]
[BlackTeamCountry "SVK"]

1. d4 g6 2. Nf3 Bg7 3. g3 f5 4. Bg2 Nf6 5. c4 0-0 6. Nc3 d6 7. 0-0 Qe8 8. Re1 Qf7 9. Qb3 Ne4 10. Rf1 Nc6 11. e3 Nxc3 12. bxc3 h6 13. Nd2 g5 14. f4 Qg6 15. Ba3 Kh8 16. Rae1 Rf7 17. c5 e5 18. cxd6 cxd6 19. Bd5 Rf6 20. fxe5 dxe5 21. dxe5 Nxe5 22. c4 Rb6 23. Qc2 Bd7 24. Bc5 Rb2 25. Qxb2 Nf3+ 26. Nxf3 Bxb2 27. Bd4+ Bxd4 28. exd4 Bc6 29. Re6 Qg7 30. Bxc6 bxc6 31. Ne5 Rf8 32. Re1 Rd8 33. Nxc6 Rd7 34. Re8+ Kh7 35. R8e7 1-0

[Event "Tatry op"]
[Site "Tatranske Zruby"]
[Date "2013.10.06"]
[Round "9"]
[White "Banoci, Jaroslav"]
[Black "Beno, Milan"]
[Result "1/2-1/2"]
[WhiteElo "1916"]
[BlackElo "1738"]
[PlyCount "67"]
[EventDate "2013.09.29"]
[EventType "swiss"]
[EventRounds "9"]
[EventCountry "SVK"]
[SourceTitle "EXT 2023"]
[Source "ChessBase"]
[SourceDate "2022.10.05"]
[SourceVersion "1"]
[SourceVersionDate "2022.10.05"]
[SourceQuality "1"]

1. d4 d5 2. Nf3 Nf6 3. Bf4 Bf5 4. e3 e6 5. h3 Bd6 6. Ne5 0-0 7. g4 Bg6 8. h4 h5 9. Nxg6 fxg6 10. Bg5 hxg4 11. Be2 g3 12. f4 Qe8 13. Bf3 Nh5 14. Rg1 Nd7 15. Nd2 Ndf6 16. Qe2 c5 17. c3 b5 18. Qg2 cxd4 19. cxd4 Rc8 20. Nf1 Bb4+ 21. Kd1 Rc7 22. a3 Bd6 23. Nxg3 Nxg3 24. Qxg3 Qc6 25. Qg2 Qc4 26. Ke1 b4 27. Kf2 Qc2+ 28. Kg3 Qxg2+ 29. Rxg2 bxa3 30. bxa3 Rc3 31. Re2 a5 32. a4 Rfc8 33. Raa2 Kf7 34. Kf2 1/2-1/2